LEADER 03081nam 2200625Ia 450 001 9910453901403321 005 20200520144314.0 010 $a1-281-80345-6 010 $a9786611803452 010 $a0-567-49110-2 035 $a(CKB)1000000000542227 035 $a(EBL)436410 035 $a(OCoLC)276357825 035 $a(SSID)ssj0000337541 035 $a(PQKBManifestationID)11278475 035 $a(PQKBTitleCode)TC0000337541 035 $a(PQKBWorkID)10294570 035 $a(PQKB)11772176 035 $a(MiAaPQ)EBC436410 035 $a(Au-PeEL)EBL436410 035 $a(CaPaEBR)ebr10250694 035 $a(CaONFJC)MIL180345 035 $a(OCoLC)893334165 035 $a(EXLCZ)991000000000542227 100 $a19930324d1991 uy 0 101 0 $aeng 135 $aur|n|---||||| 181 $ctxt 182 $cc 183 $acr 200 04$aThe fabric of history$b[electronic resource] $etext, artifact, and Israel's past /$fedited by Diana Vikander Edelman 210 $aSheffield, England $cJSOT Press$dc1991 215 $a1 online resource (153 p.) 225 1 $aJournal for the study of the Old Testament. Supplement series ;$v127 300 $aDescription based upon print version of record. 311 $a1-4411-0407-0 311 $a1-85075-324-5 320 $aIncludes bibliographical references and indexes. 327 $aContents; Preface; Abbreviations; List of Contributors; Doing History in Biblical Studies; From History to Interpretation; Text, Context and Referent in Israelite Historiography; Is it Possible to Write a History of Israel without Relying on the Hebrew Bible?; Archaeology, Material Culture and the Early Monarchical Period in Israel; The Role of Archaeological and Literary Remains in Reconstructing Israel's History; Index of Biblical References; Index of Authors 330 $aSix scholars explore the nature of history and historical reconstruction and the place of history within biblical studies. The uncritical use of both text and artifact that continues to dominate histories of Israel and Judah testifies to the need for a wider grassroots awareness of the basic issues involved in doing history as a biblical scholar. A growing number of scholars are questioning the theoretical underpinnings of the main 'schools' of research and are calling for an approach that makes a more critical evaluation of both textual and artifactual material before using it in historical r 410 0$aJournal for the study of the Old Testament.$pSupplement series ;$v127. 606 $aJews$xHistory$yTo 586 B.C$xHistoriography$vCongresses 607 $aPalestine$xHistory$yTo 70 A.D$xHistoriography$vCongresses 607 $aPalestine$xAntiquities$vCongresses 608 $aElectronic books. 615 0$aJews$xHistory$xHistoriography 676 $a933.02 701 $aEdelman$b Diana Vikander$f1954-$0862285 801 0$bMiAaPQ 801 1$bMiAaPQ 801 2$bMiAaPQ 906 $aBOOK 912 $a9910453901403321 996 $aThe fabric of history$91924848 997 $aUNINA LEADER 04140nam 2200517 a 450 001 9910795976903321 005 20200520144314.0 010 $a9786611450632 010 $a1-281-45063-4 010 $a0-470-40373-X 035 $a(CKB)24989767300041 035 $a(Au-PeEL)EBL353542 035 $a(CaPaEBR)ebr10296618 035 $a(CaONFJC)MIL145063 035 $a(OCoLC)258378435 035 $a(Au-PeEL)EBL30945574 035 $a(MiAaPQ)EBC353542 035 $a(EXLCZ)9924989767300041 100 $a20070517d2008 uy 0 101 0 $aeng 135 $aur||||||||||| 181 $ctxt$2rdacontent 182 $cc$2rdamedia 183 $acr$2rdacarrier 200 10$aDesign and layout of foodservice facilities$b[electronic resource] /$fJohn C. Birchfield 205 $a3rd ed., [rev. and updated]. 210 $aHoboken, N.J. $cJ. Wiley$dc2008 215 $axv, 343 p. $cill 320 $aIncludes bibliographical references (p. 331-334) and index. 327 $aCover -- Title Page -- Dedication -- Contents -- Preface -- NEW TO THIS EDITION -- INSTRUCTOR'S MATERIALS -- Acknowledgments -- About the Author -- Chapter 1: Preliminary Planning -- THIS CHAPTER -- SCOPE OF A PROJECT -- CONCEPT DEVELOPMENT -- FIVE M's OF CONCEPT DEVELOPMENT -- FEASIBILITY -- SITE SELECTION AND PLANNING -- OBTAINING NECESSARY APPROVALS FROM AGENCIES -- SUMMARY -- KEY TERMS -- QUESTIONS -- DISCUSSION QUESTION -- Chapter 2: Foodservice Design -- THIS CHAPTER -- PROJECT TEAM -- DESIGN SEQUENCE -- SUMMARY -- KEY TERMS -- QUESTIONS -- DISCUSSION QUESTION -- Chapter 3: Principles of Design -- THIS CHAPTER -- IMPACT OF DESIGN ON EFFICIENCY AND SAFETY -- BASIC DESIGN PRINCIPLES -- HUMAN ENGINEERING -- FOODSERVICE DESIGN AND TITLES II AND III OF THE AMERICANS WITH DISABILITIES ACT -- SUMMARY -- KEY TERMS -- QUESTIONS -- DISCUSSION QUESTION -- Chapter 4: Space Analysis -- THIS CHAPTER -- CONDUCTING A SPACE ANALYSIS -- BACK DOCK/RECEIVING -- STORAGE -- OFFICE -- PREPARATION AREAS -- BAKERY -- EMPLOYEE LOCKER ROOM AND TOILET -- SERVICE AREAS -- DINING ROOMS -- BAR -- WAREWASHING -- SUMMARY -- KEY TERMS -- QUESTIONS -- DISCUSSION QUESTION -- Chapter 5: Equipment Layout -- THIS CHAPTER -- EFFECTIVE LAYOUT -- PHYSICAL CHARACTERISTICS OF EQUIPMENT LAYOUT -- LAYOUT OF FUNCTIONAL AREAS -- FINAL (HOT-FOOD) PREPARATION -- SUMMARY -- KEY TERMS -- QUESTIONS -- DISCUSSION QUESTION -- Chapter 6: Foodservice Equipment, Part I -- THIS CHAPTER -- EQUIPMENT SELECTION -- FOODSERVICE EQUIPMENT STANDARDS AND SPECIFICATIONS -- EQUIPMENT CONSTRUCTION MATERIALS -- FOODSERVICE EQUIPMENT SPECIFICATIONS: AN OUTLINE -- SUMMARY -- KEY TERMS -- QUESTIONS -- DISCUSSION QUESTION -- Chapter 7: Foodservice Equipment, Part II: Manufactured Equipment -- THIS CHAPTER -- RECEIVING AND STORAGE EQUIPMENT -- PREPARATION EQUIPMENT -- PRODUCTION/COOKING -- BAKERY EQUIPMENT. 327 $aSERVICE AND CAFETERIA EQUIPMENT -- BEVERAGE EQUIPMENT -- WAREWASHING EQUIPMENT -- SUMMARY -- KEY TERMS -- QUESTIONS -- DISCUSSION QUESTION -- Chapter 8: Foodservice Facilities Engineering and Architecture -- THIS CHAPTER -- FOODSERVICE FACILITIES ENGINEERING -- FOODSERVICE FACILITIES ARCHITECTURE -- SUMMARY -- KEY TERMS -- QUESTIONS -- DISCUSSION QUESTION -- Appendix 1: List of Associations and Industry Links -- Appendix 2: Typical Foodservice Facility Designs -- Appendix 3: Common Foodservice Design Symbols -- PLUMBING -- PIPING -- ABBREVIATIONS -- ELECTRICAL SYMBOLS -- LIGHTING -- REFRIGERATION -- Appendix 4: Sample Documents -- Foodservice Equipment Glossary -- Bibliography -- INDEX. 606 $aFood service management 606 $aFood service$xEquipment and supplies 606 $aRestaurants$xDesign and construction 615 0$aFood service management. 615 0$aFood service$xEquipment and supplies. 615 0$aRestaurants$xDesign and construction. 676 $a647.95068 700 $aBirchfield$b John C$01546417 801 0$bMiAaPQ 801 1$bMiAaPQ 801 2$bMiAaPQ 906 $aBOOK 912 $a9910795976903321 996 $aDesign and layout of foodservice facilities$93802021 997 $aUNINA LEADER 04050nam 22006735 450 001 9910483894703321 005 20251226200338.0 010 $a3-642-41491-5 024 7 $a10.1007/978-3-642-41491-6 035 $a(CKB)3710000000024422 035 $a(SSID)ssj0001049388 035 $a(PQKBManifestationID)11550222 035 $a(PQKBTitleCode)TC0001049388 035 $a(PQKBWorkID)11019138 035 $a(PQKB)11269121 035 $a(DE-He213)978-3-642-41491-6 035 $a(MiAaPQ)EBC3093156 035 $a(PPN)176116419 035 $a(EXLCZ)993710000000024422 100 $a20131004d2013 u| 0 101 0 $aeng 135 $aurnn#008mamaa 181 $ctxt 182 $cc 183 $acr 200 10$aChinese Computational Linguistics and Natural Language Processing Based on Naturally Annotated Big Data $e12th China National Conference, CCL 2013 and First International Symposium, NLP-NABD 2013, Suzhou, China, October 10-12, 2013, Proceedings /$fedited by Maosong Sun, Min Zhang, Dekang Lin, Haifeng Wang 205 $a1st ed. 2013. 210 1$aBerlin, Heidelberg :$cSpringer Berlin Heidelberg :$cImprint: Springer,$d2013. 215 $a1 online resource (XIV, 354 p. 87 illus.) 225 1 $aLecture Notes in Artificial Intelligence,$x2945-9141 ;$v8202 300 $aBibliographic Level Mode of Issuance: Monograph 311 08$a3-642-41490-7 327 $aWord Segmentation -- Open-Domain Q&A -- Discourse, Coreference and Pragmatics -- Statistical and Machine Learning Methods in NLP -- Semantics -- Text Mining, Open-Domain Information Extraction and Machine Reading of the Web -- Sentiment Analysis, Opinion Mining and Text Classification -- Lexical semantics and Ontologies -- Language Resources and Annotation -- Machine Translation -- Speech Recognition and Synthesis -- Tagging and Chunking -- Large-scale Knowledge Acquisition and Reasoning. . 330 $aThis book constitutes the refereed proceedings of the 12th China National Conference on Computational Linguistics, CCL 2013, and of the First International Symposium on Natural Language Processing Based on Naturally Annotated Big Data, NLP-NABD 2013, held in Suzhou, China, in October 2013. The 32 papers presented were carefully reviewed and selected from 252 submissions. The papers are organized in topical sections on word segmentation; open-domain question answering; discourse, coreference and pragmatics; statistical and machine learning methods in NLP; semantics; text mining, open-domain information extraction and machine reading of the Web; sentiment analysis, opinion mining and text classification; lexical semantics and ontologies; language resources and annotation; machine translation; speech recognition and synthesis; tagging and chunking; and large-scale knowledge acquisition and reasoning. 410 0$aLecture Notes in Artificial Intelligence,$x2945-9141 ;$v8202 606 $aNatural language processing (Computer science) 606 $aArtificial intelligence 606 $aComputer networks 606 $aNatural Language Processing (NLP) 606 $aArtificial Intelligence 606 $aComputer Communication Networks 615 0$aNatural language processing (Computer science) 615 0$aArtificial intelligence. 615 0$aComputer networks. 615 14$aNatural Language Processing (NLP). 615 24$aArtificial Intelligence. 615 24$aComputer Communication Networks. 676 $a495.1 702 $aSun$b Maosong$4edt$4http://id.loc.gov/vocabulary/relators/edt 702 $aZhang$b Min$4edt$4http://id.loc.gov/vocabulary/relators/edt 702 $aLin$b Dekang$4edt$4http://id.loc.gov/vocabulary/relators/edt 702 $aWang$b Haifeng$4edt$4http://id.loc.gov/vocabulary/relators/edt 801 0$bMiAaPQ 801 1$bMiAaPQ 801 2$bMiAaPQ 906 $aBOOK 912 $a9910483894703321 996 $aChinese Computational Linguistics and Natural Language Processing Based on Naturally Annotated Big Data$92199626 997 $aUNINA